书目信息 |
| 题名: |
飞天词谱
|
|
| 作者: | 牟安详 著 | |
| 分册: | ||
| 出版信息: | 大连 大连理工大学出版社 2018 |
|
| 页数: | 343页 | |
| 开本: | 29cm | |
| 丛书名: | ||
| 单 册: | ||
| 中图分类: | J429.5 , I227.8 | |
| 科图分类: | ||
| 主题词: | 鸟类--艺术摄影--中国--现代--摄影集 , 词(文学)--作品集--中国--当代 | |
| 电子资源: | ||
| ISBN: | 978-7-5685-1497-2 | |
| 000 | 00679nam0 2200241 450 | |
| 001 | 0104602933 | |
| 005 | 20181107092342.0 | |
| 010 | @a978-7-5685-1497-2@b精装@dCNY298.00 | |
| 100 | @a20181013d2018 em y0chiy0120 ea | |
| 101 | 0 | @achi |
| 102 | @aCN@b210000 | |
| 105 | @aa z 000gy | |
| 106 | @ar | |
| 200 | 1 | @a飞天词谱@9Fei Tian Ci Pu @f牟安详著@b专著 |
| 210 | @a大连@c大连理工大学出版社@d2018 | |
| 215 | @a343页@d29cm | |
| 606 | 0 | @a鸟类@x艺术摄影@y中国@z现代@j摄影集 |
| 606 | 0 | @a词(文学)@x作品集@y中国@z当代 |
| 690 | @aJ429.5@v5 | |
| 690 | @aI227.8@v5 | |
| 701 | 0 | @a牟安详@4著@9mu an xiang |
| 801 | 0 | @aCN@bAZmarc@c20230905 |
| 905 | @aBZT@dJ429.5@e2@f5@sJ429.5/2 | |
| 飞天词谱/牟安详著.-大连:大连理工大学出版社,2018 |
| 343页;29cm |
| ISBN 978-7-5685-1497-2(精装):CNY298.00 |
| ● |
| 相关链接 |
|
|
|
正题名:飞天词谱
索取号:J429.5/2
 
预约/预借
| 序号 | 登录号 | 条形码 | 馆藏地/架位号 | 状态 | 备注 |
| 1 | 2000012413 | 2000012413 | 旧书回溯/ [索取号:J429.5/2] | 在馆 | |
| 2 | 2000012414 | 2000012414 | 旧书回溯/ [索取号:J429.5/2] | 在馆 | |
| 3 | 2000012415 | 2000012415 | 旧书回溯/ [索取号:J429.5/2] | 在馆 | |
| 4 | 2000012416 | 2000012416 | 旧书回溯/ [索取号:J429.5/2] | 在馆 | |
| 5 | 2000012417 | 2000012417 | 旧书回溯/ [索取号:J429.5/2] | 在馆 |